000 00309nam a22001337a 4500
008 190304b xxu||||| |||| 00| 0 eng d
020 _a9780683306484
041 _aeng
080 _a616-002.77
100 _a7
101 _aREU
245 _aClinical Primer of Rheumatology
_cKoopman,W.J
942 _2udc
_cBK
999 _c54390
_d54390